| 000 | 00649cam a22002291 4500 | ||
|---|---|---|---|
| 001 | ne 64000238 | ||
| 003 | DLC | ||
| 005 | 20260227111755.0 | ||
| 008 | 900507s1963 ua 000 0 ara c | ||
| 010 | _ane 64000238 | ||
| 025 | _aPL480:UAR-2892 | ||
| 035 | _a(OCoLC)21488334 | ||
| 040 |
_aPrinceton Univ. Libr. _cWaU _dWaU _dDLC |
||
| 042 | _apremarc | ||
| 050 | 0 | 0 |
_aBJ1589.A7 _bM82 |
| 100 | 1 |
_aMūsá, Salāmah, _d1887-1958. |
|
| 245 | 1 | 0 |
_aMuḥāwalāt _c[taʼlīf] Salāmah Mūsá. |
| 250 | _a[al-Ṭabʻah al-thāniyah] | ||
| 260 |
_aMiṣr, _bMaktabat al-Khānjī _c[1963.] |
||
| 300 |
_a7, 239 p. _c19 cm. |
||
| 650 | 0 | _aConduct of life. | |
| 999 |
_c46643 _d46643 |
||